000 00280nam a22001217a 4500
008 181217b xxu||||| |||| 00| 0 eng d
041 _aeng
080 _a821
100 _a23
101 _aGJU
245 _aA dictionary Of Synonyms And Antonyms
_cDevdin.J
942 _2udc
_cBK
999 _c53159
_d53159